Are Age-Based Life-Cycle Saving Strategies for Funded Pension Schemes a Good Option?

Hľadanie optimálnej stratégie sporenia – pohľad na riziká výkonnosti a primeranosti vyplývajúce z uplatňovania stratégií sporenia založených na veku pre sporiteľov v kapitalizačných dôchodkových systémoch. Porovnanie fixných a vekových stratégií pomocou techniky simulácie prevzorkovania z hľadiska v...

Descripción completa

Guardado en:
Detalles Bibliográficos
Autor principal: Šebo, Ján
Otros Autores: Danková, Daniela, Králik, Ivan
Formato: Capítulo de libro
Lenguaje:inglés
Materias:
Etiquetas: Agregar Etiqueta
Sin Etiquetas, Sea el primero en etiquetar este registro!

MARC

LEADER 00000naa a2200000 4500
001 0277781
005 20210810202852.8
041 0 |a eng 
044 |a SK 
245 1 0 |a Are Age-Based Life-Cycle Saving Strategies for Funded Pension Schemes a Good Option?  |c Ján Šebo, Daniela Danková, Ivan Králik 
520 |a Hľadanie optimálnej stratégie sporenia – pohľad na riziká výkonnosti a primeranosti vyplývajúce z uplatňovania stratégií sporenia založených na veku pre sporiteľov v kapitalizačných dôchodkových systémoch. Porovnanie fixných a vekových stratégií pomocou techniky simulácie prevzorkovania z hľadiska výkonnosti, maximálneho čerpania počas horizontu sporenia a rizika primeranosti vyplývajúceho z aplikovanej stratégie sporenia. Stratégie životného sporenia založené na veku (zostávajúci horizont sporenia je jediným faktorom definujúcim alokačný profil) ako neoptimálne a pri hľadaní optimálnej preddefinovanej stratégie sporenia by sa mali brať do úvahy aj ďalšie faktory ako napr. očakávaný rast miezd. 
610 2 0 |a sporenie dôchodkové 
610 2 0 |a účty osobné dôchodkové 
610 2 0 |a účty finančné 
610 2 0 |a účty kapitálové 
610 2 0 |a meranie výkonnosti 
610 2 0 |a optimalizácia 
610 2 0 |a efektívnosť investícií 
610 2 0 |a stratégia investičná 
100 1 |a Šebo, Ján 
700 1 |a Danková, Daniela 
700 1 |a Králik, Ivan